Statistics for Top 50 test cricket batsmen

Click here to take the quiz!

General Stats

  • This quiz has been taken 20 times
  • The average score is 30 of 49

Answer Stats

Country/RunsAnswer% Correct
India/15921Tendulkar
100%
South Africa/13289Kallis
95%
Windies/11953Lara
95%
Australia/13378Ponting
95%
Australia/7485Smith
95%
South Africa/9265Smith
95%
England/12472Cook
89%
Windies/11867Chanderpaul
79%
India/13288Dravid
79%
India/10122Gavaskar
79%
Australia/8625Hayden
79%
Windies/8540Richards
79%
Sri Lanka/12400Sangakkara
79%
Australia/10927Waugh
79%
Australia/8029Waugh
79%
Australia/11147Border
74%
England/8181Pietersen
74%
Australia/8643Clarke
68%
Windies/7214Gayle
68%
England/8900Gooch
68%
Pakistan/10099Khan
68%
South Africa/9282Amla
63%
South Africa/8765de Villiers
63%
Windies/7515Lloyd
63%
England/7991Root
63%
India/8586Sehwag
63%
England/7727Bell
58%
India/7212Ganguly
58%
Windies/7487Haynes
53%
India/7318Kohli
53%
Pakistan/8830Ul-Haq
53%
Australia/7263Warner
53%
England/8114Boycott
47%
England/8231Gower
47%
Windies/7558Greenidge
47%
Australia/7696Langer
47%
England/8463Stewart
47%
Australia/7422Boon
42%
India/8781Laxman
42%
Pakistan/8832Miandad
42%
Windies/8032Sobers
42%
Australia/7525Taylor
42%
New Zealand/7379Taylor
42%
England/7728Atherton
32%
England/7642Cowdrey
21%
England/7249Hammond
21%
Pakistan/7530Yousuf
21%
South Africa/7289Kirsten
16%
Sri Lanka/11814Jayarwardene
0%

Score Distribution

Percentile by Number Answered

Percent of People with Each Score

Your Score History

You have not taken this quiz